Security system reform and governance : a DAC reference document /
Saved in:
| Main Author: | |
|---|---|
| Corporate Authors: | , |
| Format: | Book |
| Language: | English |
| Published: |
Paris :
OECD,
2005
|
| Edition: | [1st ed.] |
| Series: | DAC guidelines and reference series
|
| Subjects: | |
| ISBN: | 9264007865 |
| Online Access: |
|
| Tags: |
Add Tag
No Tags, Be the first to tag this record!
|
MARC
| LEADER | 00000nam a2200000 4500 | ||
|---|---|---|---|
| 003 | SK-BrCVT | ||
| 005 | 20220617222943.0 | ||
| 006 | a####e######000#0# | ||
| 008 | 070703s2005 fr ####e######000#0#eng d | ||
| 020 | |a 9264007865 | ||
| 035 | |a CVTIDW1415019 | ||
| 040 | |b slo |c CVT |a CVTI SR |e AACR2 | ||
| 041 | 0 | |a eng | |
| 044 | |a fr | ||
| 080 | |a 32 |2 UDC-MRF | ||
| 080 | |a 34/35 |2 UDC-MRF | ||
| 100 | 1 | |a Hutchful, Eboe |4 aut | |
| 242 | 1 | 0 | |a Reforma a riadenie bezpečnostného systému |b referenčný dokument Výboru pre rozvojovú pomoc |y slo |
| 245 | 1 | |a Security system reform and governance : |b a DAC reference document / |c Authors: Eboe Hutchful ... [et al.] | |
| 250 | |a [1st ed.] | ||
| 260 | |a Paris : |b OECD, |c 2005 | ||
| 300 | |a 144 s. : |b lit., tab. ; | ||
| 490 | 0 | |a DAC guidelines and reference series |3 1203415 | |
| 653 | 1 | |a dôvera verejnosti |a vojenské výdavky |a demilitarizácia |a budovanie mieru | |
| 655 | 7 | |a prehľady |2 SNKPH | |
| 710 | 2 | |a Development Assistance Committee (DAC) | |
| 710 | 0 | |a Organisation for Economic Co-operation and Development, OECD (Paris, France) | |
| 760 | 1 | |t DAC guidelines and reference series | |
| 852 | |a CVTISR |b 1 | ||
| 856 | 4 | |u http://ezproxy.cvtisr.sk/login.php?url=https://doi.org/10.1787/9789264007888-en | |
| 910 | |a BA002 |b E001069 | ||
| 919 | |a 92-64-00786-5 | ||
| 959 | |a o18 | ||
| 974 | |a rita.zubonyaiova |f Knihy | ||
| 992 | |a APH | ||
| 999 | |c 153010 |d 153010 | ||

